Toscana (Record no. 4574)

MARC details
000 -CABECERA
campo de control de longitud fija 00846nam a2200253 a 4500
001 - NÚMERO DE CONTROL
campo de control BRCA_4880
005 - FECHA Y HORA DE LA ÚLTIMA TRANSACCIÓN
campo de control 20190320204837.0
008 - DATOS DE LONGITUD FIJA--INFORMACIÓN GENERAL
campo de control de longitud fija 141010c1974----it-ao#####---#000-0#eng-#
041 ## - CÓDIGO DE LENGUA
Código de lengua del texto/banda sonora o título independiente eng
044 ## - CÓDIGO DEL PAÍS DE LA ENTIDAD EDITORA/PRODUCTORA
Código MARC del país it
050 #4 - SIGNATURA TOPOGRÁFICA DE LA BIBLIOTECA DEL CONGRESO
Número de clasificación PG7297
Número de documento/Ítem .T67 1974
245 10 - MENCIÓN DE TÍTULO
Título Toscana
Mención de responsabilidad, etc. by Umberto Baldini... [et al.] ; text translated by Rudolf G. Carpanini ... [et al.]
260 ## - PUBLICACIÓN, DISTRIBUCIÓN, ETC.
Lugar de publicación, distribución, etc. Italia
Nombre del editor, distribuidor, etc. Electa
Fecha de publicación, distribución, etc. 1974
300 ## - DESCRIPCIÓN FÍSICA
Extensión 511 p.
Otras características físicas il. (algunas a color), 522 láminas
Dimensiones 31 cm.
440 #0 - MENCIÓN DE SERIE/PUNTO DE ACCESO ADICIONAL--TÍTULO
Título Banca Nacionale del Laboro
9 (RLIN) 12360
500 ## - NOTA GENERAL
Nota general Incluye índice de ilustraciones
500 ## - NOTA GENERAL
Nota general Colección Sonia Corcuera de Mancera
504 ## - NOTA DE BIBLIOGRAFÍA, ETC.
Nota de bibliografía, etc. Bibliografía : p. 493-499
651 #4 - PUNTO DE ACCESO ADICIONAL DE MATERIA--NOMBRE GEOGRÁFICO
Nombre geográfico Toscana
Subdivisión de forma Cátalogos
Subdivisión general arte e historia
Subdivisión geográfica Italia
9 (RLIN) 12361
700 1# - PUNTO DE ACCESO ADICIONAL--NOMBRE DE PERSONA
Nombre de persona Carpanini, Rudolf G.
Término indicativo de función/relación Traductor
9 (RLIN) 12362
700 1# - PUNTO DE ACCESO ADICIONAL--NOMBRE DE PERSONA
Nombre de persona Baldini, Umberto
9 (RLIN) 12363
902 ## - CATALOGADOR
Iniciales DSC
942 ## - ELEMENTOS DE PUNTO DE ACCESO ADICIONAL (KOHA)
Fuente del sistema de clasificación o colocación Library of Congress Classification
Tipo de ítem Koha Libros
Holdings
Estado de retiro Estado de pérdida Estado dañado No para préstamo Localización permanente Ubicación/localización actual Fecha de adquisición Total de préstamos Signatura topográfica completa Código de barras Fecha visto por última vez Precio válido a partir de Tipo de ítem Koha
El ejemplar forma parte de la colección y puede ser consultado según las políticas vigentes.       Biblioteca del Museo Franz Mayer (Rogerio Casas-Alatriste) Biblioteca del Museo Franz Mayer (Rogerio Casas-Alatriste) 14/10/2010   PG7297 .T67 1974 REF00397 22/03/2019 22/03/2019 Libros